[Event "Belgrade Trophy 36th"]
[Site "Belgrade"]
[Date "2023.11.27"]
[Round "3"]
[White "Dokic, Mladen"]
[Black "Carnic, Dejan"]
[Result "0-1"]
[WhiteElo "1360"]
[BlackElo "1958"]
[PlyCount "66"]
[EventDate "2023.11.25"]
[EventType "swiss"]
[EventRounds "9"]
[EventCountry "SRB"]
[SourceTitle "CB49_2023"]
[SourceDate "2023.12.06"]
[SourceVersion "1"]
[SourceVersionDate "2023.12.06"]
[SourceQuality "1"]

1. d4 d5 2. Bf4 c5 3. e3 Nf6 4. c3 Qb6 5. Qc2 Nc6 6. Nd2 g6 7. Ngf3 Bf5 8. Bd3 Bxd3 9. Qxd3 cxd4 10. exd4 Bg7 11. h3 0-0 12. 0-0 a5 13. a4 Qa6 14. Qb1 b5 15. b4 Nh5 16. Bh2 axb4 17. cxb4 Nxd4 18. Nxd4 Bxd4 19. Ra2 bxa4 20. b5 Qb6 21. Nf3 Bc5 22. Ne5 Bd6 23. Rc1 a3 24. Rc6 Qd4 25. Nf3 Bxh2+ 26. Kxh2 Qf4+ 27. Kh1 Rfb8 28. b6 Ra6 29. Qb5 Qa4 30. Qxd5 Nf6 31. Qe5 Raxb6 32. Rxb6 Rxb6 33. Qxe7 Rb1+ 0-1